| 000 | 01154cam a2200325 a 4500 | ||
|---|---|---|---|
| 001 | 13642554 | ||
| 003 | OSt | ||
| 005 | 20230703161520.0 | ||
| 008 | 040701s2004 enk b 001 0 eng | ||
| 010 | _a 2004484755 | ||
| 020 | _a0421852003 | ||
| 040 |
_aDLC _cDLC _dDLC |
||
| 043 |
_ae-uk-en _ae-uk-wl |
||
| 050 | 0 | 0 |
_aKD7975 _b.R66 2004 |
| 082 | 0 | 0 |
_a345.42/0253 _222 _bROOK |
| 100 | 1 |
_aRook, Peter F. G. _q(Peter Francis Grosvenor), _d1949- |
|
| 245 | 1 | 0 |
_aRook & Ward on sexual offences : _blaw and practice / _cPeter Rook and Robert Ward. |
| 246 | 3 | 0 | _aSexual offences law and practice |
| 246 | 3 | _aRook and Ward on sexual offences | |
| 250 | _a3rd ed. | ||
| 260 |
_aLondon : _bSweet & Maxwell, _c2004. |
||
| 300 |
_acxviii, 935 p. ; _c24 cm. |
||
| 504 | _aIncludes bibliographical references and index. | ||
| 650 | 0 |
_aSex crimes _xLaw and legislation _zEngland. |
|
| 650 | 0 |
_aSex crimes _xLaw and legislation _zWales. |
|
| 700 | 1 |
_aWard, Robert, _d1957- |
|
| 906 |
_a7 _bcbc _corignew _d2 _encip _f20 _gy-gencatlg |
||
| 942 |
_2ddc _cBK |
||
| 999 |
_c3496 _d3496 |
||